000 01447nam a22003134a 4500
001 ebr10052689
003 CaPaEBR
006 m u
007 cr cn|||||||||
008 020604s2002 mau sb 001 0 eng
010 _z 2002075711
020 _z1402071582 (alk. paper)
040 _aCaPaEBR
_cCaPaEBR
035 _a(OCoLC)51825775
050 1 4 _aHD2741
_b.B454 2002eb
082 0 4 _a302.3/5/094
_221
100 1 _aBerghe, L. van den
_q(Lutgart),
_d1951-
245 1 0 _aCorporate governance in a globalising world
_h[electronic resource] :
_bconvergence or divergence? : a European perspective /
_cby Lutgart Van den Berghe in collaboration with Christoph Van der Elst, Steven Carchon, Abigail Levrau.
260 _aBoston :
_bKluwer Academic Publishers,
_cc2002.
300 _axiii, 223 p.
504 _aIncludes bibliographical references (p. [183]-195) and index.
533 _aElectronic reproduction.
_bPalo Alto, Calif. :
_cebrary,
_d2013.
_nAvailable via World Wide Web.
_nAccess may be limited to ebrary affiliated libraries.
650 0 _aCorporate governance
_zEuropean Union countries.
650 0 _aBoards of directors
_zEuropean Union countries.
650 0 _aConvergence (Economics)
_zEuropean Union countries.
655 7 _aElectronic books.
_2local
710 2 _aebrary, Inc.
856 4 0 _uhttp://site.ebrary.com/lib/rucke/Doc?id=10052689
_zAn electronic book accessible through the World Wide Web; click to view
999 _c65558
_d65558